00249nam a22001097a 4500008004100000020001800041100001300059245002600072250001000098260002300108300000800131240805b |||||||| |||| 00| 0 eng d a9788119868131 aA. Singh aCompany Law 17th Edn. a17th  aLucknowbEBCc2024 a794